[Event "Florianopolis Regional STD op"]
[Site "Florianopolis"]
[Date "2018.10.12"]
[Round "2"]
[White "Santos, Gabriel Pietro Da C"]
[Black "Feller, Gabriela Luisa Vice"]
[Result "0-1"]
[WhiteElo "1800"]
[BlackElo "1581"]
[PlyCount "70"]
[EventDate "2018.10.12"]
[EventType "swiss"]
[EventRounds "6"]
[EventCountry "BRA"]
[SourceTitle "CBM 186 Extra"]
[Source "ChessBase"]
[SourceDate "2018.08.24"]
[SourceVersion "1"]
[SourceVersionDate "2018.08.24"]
[SourceQuality "1"]

1. d4 d5 2. Bf4 Nf6 3. e3 e6 4. Nf3 Bd6 5. Bg3 0-0 6. Bd3 b6 7. Nbd2 Ba6 8. Bxa6 Nxa6 9. Bxd6 Qxd6 10. 0-0 c5 11. dxc5 Nxc5 12. c4 Rfd8 13. cxd5 Nxd5 14. Nc4 Qe7 15. Qe2 Rac8 16. Ncd2 Nb4 17. a3 Nbd3 18. b4 Na4 19. Nd4 Ndb2 20. Rfc1 Nc3 21. Rxc3 Rxc3 22. Ne4 Rc4 23. Qxb2 e5 24. Nd2 Rc7 25. N4b3 Rcd7 26. h3 a5 27. bxa5 bxa5 28. a4 Qb4 29. Nc4 Qxc4 30. Nxa5 Qd5 31. Nb3 Rb8 32. Rc1 Rdb7 33. Rc3 Rxb3 34. Qxb3 Qxb3 35. Rxb3 Rxb3 0-1